Three Indian poets: (Record no. 17157)

MARC details
000 -LEADER
fixed length control field 00837nam a22002297a 4500
005 - DATE AND TIME OF LATEST TRANSACTION
control field 20081021101318.0
008 - FIXED-LENGTH DATA ELEMENTS--GENERAL INFORMATION
fixed length control field 081021t xxu||||| |||| 00| 0 eng d
010 ## - LIBRARY OF CONGRESS CONTROL NUMBER
LC control number ENG-84195
020 ## - INTERNATIONAL STANDARD BOOK NUMBER
International Standard Book Number 0195676319
020 ## - INTERNATIONAL STANDARD BOOK NUMBER
Terms of availability 395.00 (hb)
035 ## - SYSTEM CONTROL NUMBER
System control number EN-67728
082 ## - DEWEY DECIMAL CLASSIFICATION NUMBER
Classification number 881.092
100 ## - MAIN ENTRY--PERSONAL NAME
Personal name King, Bruce
245 ## - TITLE STATEMENT
Title Three Indian poets:
Remainder of title Ezekiet, Moraes and Ramanujan /
Statement of responsibility, etc by Bruce King
250 ## - EDITION STATEMENT
Edition statement 2nd ed
260 ## - PUBLICATION, DISTRIBUTION, ETC. (IMPRINT)
Place of publication, distribution, etc New Delhi
Name of publisher, distributor, etc Oxford University Press
Place of manufacture YMCA Library Building, Jai Singh Road, New Delhi-110001
260 ## - PUBLICATION, DISTRIBUTION, ETC. (IMPRINT)
Date of publication, distribution, etc 2005
300 ## - PHYSICAL DESCRIPTION
Extent xi,218p
Dimensions 22cm
500 ## - GENERAL NOTE
General note Includes bibliographical references and index
942 ## - ADDED ENTRY ELEMENTS (KOHA)
Source of classification or shelving scheme Dewey Decimal Classification
Koha item type English Books
Classification part 881.092
Call number suffix KIN
Holdings
Withdrawn status Lost status Source of classification or shelving scheme Damaged status Not for loan Home library Current library Date acquired Cost, normal purchase price Total Checkouts Full call number Barcode Date last seen Cost, replacement price Price effective from Koha item type
    Dewey Decimal Classification   Not For Loan D.B.Act.Division D.B.Act.Division 27/02/2007 395.00   881.092 KIN EN-67728 21/10/2008 395.00 21/10/2008 English Books

© Delhi Public Library
Hit Counter
free hit counter